|
|
|
|
| LEADER |
00000nab#a22000007a#4500 |
| 001 |
arbauad023234 |
| 003 |
AR-BaUAD |
| 005 |
20250711111951.0 |
| 008 |
961105|||||||||###||||||b###|0###a|spa|| |
| 040 |
|
|
|a AR-BaUAD
|c AR-BaUAD
|b spa
|
| 100 |
|
|
|a Waisman, Marina
|
| 245 |
|
|
|a De la mega-estructura al pueblo en la colina /
|c Marina Waisman;
|
| 300 |
0 |
|
|b fot.
|
| 653 |
|
|
|a SAFDIE, MOSHE
|
| 653 |
|
|
|a CRITICA DE LA ARQUITECTURA
|
| 773 |
0 |
|
|t SUMMARIOS
|g no. 3 [dic. 1976], p. 35-36
|
| 942 |
|
|
|c ARTI
|
| 952 |
|
|
|0 0
|1 0
|4 0
|7 0
|9 68153
|a AR-BAuAD
|b AR-BAuAD
|d 2025-07-11
|l 0
|p AAQA023234
|r 2025-07-11 11:19:51
|w 2025-07-11
|y ARTI
|
| 990 |
|
|
|a AQ197
|b TD
|
| 998 |
|
|
|a AAQ
|b BIBUN76
|
| 999 |
|
|
|c 47826
|d 47826
|